000 00640nam a2200241 4500
001 2011
010 _a9789895813681
021 _aPT
_b541553/24
090 _a2011
100 _a20251126d2025 m||y0pory50030103ba
101 _apor
102 _aPT
200 _aAgora e na hora da nossa sorte
_fFrancisco Moita Flores
205 _a1ª edição
210 _aAlfragide
_cCasa das Letras
_d2025
215 _a290 p.
_d24 cm
300 _aBMB-Registado
606 _9776
_aLiteratura Portuguesa
606 _9779
_aRomance
675 _a821.134.3-31
_vBMB
_zpor
700 _aFlores
_bFrancisco Moita
_f1953-
_9962
801 _aPT
_bBMB
_gRPC
990 _cLIVROS